[Event "GRE-chT 43rd"]
[Site "Porto Rio"]
[Date "2015.10.08"]
[Round "1.2"]
[White "Kesidis, Odyseas"]
[Black "Hrisomalis, Theodoros"]
[Result "1-0"]
[WhiteElo "2147"]
[BlackElo "2131"]
[PlyCount "91"]
[EventDate "2015.10.08"]
[EventType "team-swiss"]
[EventRounds "7"]
[EventCountry "GRE"]
[SourceTitle "CBM 168 Extra"]
[Source "ChessBase"]
[SourceDate "2015.10.29"]
[SourceVersion "1"]
[SourceVersionDate "2015.10.29"]
[SourceQuality "1"]
[WhiteTeam "Florinas OP"]
[BlackTeam "Kavalas"]
[WhiteTeamCountry "GRE"]
[BlackTeamCountry "GRE"]

1. e4 e5 2. Nf3 Nf6 3. d4 Nxe4 4. dxe5 d5 5. Nbd2 Be7 6. c3 0-0 7. Bd3 Nc5 8. Bc2 Bg4 9. 0-0 Nc6 10. Qe2 d4 11. Bb1 Qd5 12. cxd4 Nxd4 13. Qe3 Nxf3+ 14. Nxf3 Bxf3 15. Qxf3 Qxe5 16. Bd2 Qxb2 17. Bc3 Qb6 18. Re1 Rae8 19. Bc2 Qc6 20. Qg4 g6 21. Qd4 f6 22. Re3 Bd6 23. Rae1 Rxe3 24. Rxe3 Nd7 25. Rh3 Re8 26. Qh4 h5 27. g4 Be5 28. Bxg6 Bxc3 29. Bxe8 Be5 30. Qxh5 Qc1+ 31. Kg2 Qc6+ 32. Rf3 Qe6 33. Bxd7 Qxd7 34. Qg6+ Kf8 35. Qh6+ Kg8 36. Qg6+ Kf8 37. Qe4 Qd4 38. Qf5 Ke7 39. h4 Qd5 40. h5 Qxa2 41. h6 Qg8 42. Rd3 Bd6 43. Re3+ Be5 44. h7 Qd5+ 45. Qe4 Qd8 46. f4 1-0

[Event "Kavala op 23rd"]
[Site "Kavala"]
[Date "2014.08.03"]
[Round "2"]
[White "Enchev, Ivajlo"]
[Black "Hrisomalis, Theodoros"]
[Result "1-0"]
[WhiteElo "2393"]
[BlackElo "2127"]
[PlyCount "185"]
[EventDate "2014.08.02"]
[EventType "swiss"]
[EventRounds "9"]
[EventCountry "GRE"]
[SourceTitle "CBM 161 Extra"]
[Source "ChessBase"]
[SourceDate "2014.08.29"]
[SourceVersion "1"]
[SourceVersionDate "2014.08.29"]
[SourceQuality "1"]

1. d4 e6 2. c4 f5 3. Nc3 Nf6 4. e3 b6 5. Bd3 Bb7 6. f3 Nh5 7. Qc2 Bd6 8. Nh3 Qh4+ 9. Qf2 Qxf2+ 10. Nxf2 a6 11. d5 exd5 12. Nxd5 0-0 13. 0-0 Nc6 14. Bd2 Ne5 15. Be2 Nf6 16. Nxf6+ Rxf6 17. Rfd1 Rff8 18. Rac1 a5 19. Bc3 Bc6 20. Bd4 Rab8 21. Rc2 Rfe8 22. Nh3 Bc5 23. Nf4 Rb7 24. Kf2 Ra7 25. Nd5 Ba4 26. b3 Bc6 27. h3 d6 28. f4 Nd7 29. Bf3 Ba8 30. g4 Bxd4 31. exd4 fxg4 32. hxg4 Nf6 33. Nxf6+ gxf6 34. d5 Bb7 35. Rh1 Raa8 36. Re2 Rxe2+ 37. Bxe2 Kg7 38. Bd3 Rh8 39. Bf5 Bc8 40. Be6 Re8 41. f5 Ba6 42. Ke3 Bb7 43. Kf4 h6 44. a3 Ba6 45. Rc1 Bb7 46. b4 axb4 47. axb4 Ba6 48. c5 dxc5 49. bxc5 bxc5 50. Rxc5 Re7 51. Ra5 Be2 52. Ra8 Kh7 53. Rf8 Kg7 54. Rg8+ Kh7 55. Rg6 Rg7 56. Rxf6 Rxg4+ 57. Ke5 h5 58. Rf8 Bd3 59. Rc8 Rc4 60. Kf6 Rc2 61. Bf7 Bxf5 62. Kxf5 h4 63. Kg4 Rc4+ 64. Kh3 Kg7 65. Be8 Kf6 66. Bc6 Kg5 67. Rg8+ Kh5 68. Be8+ Kh6 69. Rg6+ Kh7 70. Rc6 Rd4 71. Rxc7+ Kh6 72. Rc6+ Kg7 73. Rg6+ Kf8 74. Bc6 Ke7 75. Rg4 Rd1 76. Rxh4 Kd6 77. Kg3 Ke5 78. Rh6 Kf5 79. Kf3 Rc1 80. Re6 Rf1+ 81. Ke2 Rc1 82. Re8 Kf6 83. Kd2 Rc5 84. Kd3 Kf7 85. Re1 Kf6 86. Kd4 Rc2 87. Bb5 Rb2 88. Bc4 Rb8 89. d6 Ra8 90. Rf1+ Kg7 91. Kd5 Rf8 92. Rxf8 Kxf8 93. Kc6 1-0

[Event "GRE-chT 42nd"]
[Site "Porto Rio"]
[Date "2014.07.02"]
[Round "6.3"]
[White "Lirindzakis, Timotheos"]
[Black "Hrisomalis, Theodoros"]
[Result "0-1"]
[WhiteElo "2271"]
[BlackElo "2083"]
[PlyCount "92"]
[EventDate "2014.06.28"]
[EventType "team-swiss"]
[EventRounds "7"]
[EventCountry "GRE"]
[SourceTitle "CBM 161 Extra"]
[Source "ChessBase"]
[SourceDate "2014.08.29"]
[SourceVersion "1"]
[SourceVersionDate "2014.08.29"]
[SourceQuality "1"]
[WhiteTeam "Saint Nicholas Lato"]
[BlackTeam "Kavalas OFS"]
[WhiteTeamCountry "GRE"]
[BlackTeamCountry "GRE"]

1. d4 e6 2. c4 f5 3. g3 Nf6 4. Bg2 d5 5. Nf3 c6 6. 0-0 Bd6 7. b3 Qe7 8. Bb2 0-0 9. Nbd2 Ne4 10. Ne5 Nd7 11. Nd3 b6 12. e3 Bb7 13. Rc1 Rac8 14. Qe2 Rfd8 15. Rc2 Nxd2 16. Qxd2 dxc4 17. Rxc4 e5 18. dxe5 Nxe5 19. Nxe5 Bxe5 20. Qc2 Bxb2 21. Qxb2 Ba6 22. Rxc6 Rxc6 23. Bxc6 Bxf1 24. Kxf1 Qc5 25. Bf3 a5 26. a4 h6 27. Be2 Kh8 28. Kg2 Qd5+ 29. Bf3 Qc5 30. Be2 Rc8 31. Bc4 Qc6+ 32. Kg1 Rd8 33. Qe2 Qe4 34. h4 Kh7 35. h5 g6 36. hxg6+ Kxg6 37. Kh2 h5 38. Kg1 Kh6 39. Kh2 h4 40. Qb2 hxg3+ 41. Kxg3 Kg6 42. Bf1 Qg4+ 43. Kh2 Rd7 44. Bg2 Qh4+ 45. Kg1 Rd1+ 46. Bf1 Qg4+ 0-1

[Event "Kavala op 22nd"]
[Site "Kavala"]
[Date "2013.08.07"]
[Round "3"]
[White "Koepke, Elena"]
[Black "Hrisomalis, Theodoros"]
[Result "1/2-1/2"]
[WhiteElo "2315"]
[BlackElo "2051"]
[PlyCount "111"]
[EventDate "2013.08.06"]
[EventType "swiss"]
[EventRounds "9"]
[EventCountry "GRE"]
[SourceTitle "CBM 155 Extra"]
[Source "ChessBase"]
[SourceDate "2013.08.26"]
[SourceVersion "1"]
[SourceVersionDate "2013.08.26"]
[SourceQuality "1"]

1. e4 e5 2. Nc3 Nc6 3. g3 Bc5 4. Bg2 a6 5. Nge2 d6 6. Nd5 Nge7 7. c3 Nxd5 8. exd5 Ne7 9. d4 exd4 10. Nxd4 0-0 11. 0-0 Nf5 12. b4 Ba7 13. Nb3 Bd7 14. c4 Ba4 15. Bb2 Qg5 16. Qd3 Bxb3 17. axb3 Nh6 18. Qc3 Ng4 19. c5 Rfe8 20. h3 Nf6 21. Rfe1 Rxe1+ 22. Rxe1 h5 23. Re7 a5 24. bxa5 Bxc5 25. b4 Ba7 26. Rxc7 h4 27. gxh4 Qxh4 28. Rc8+ Rxc8 29. Qxc8+ Kh7 30. Qf5+ Kg8 31. b5 Bc5 32. Bc3 Qc4 33. Bxf6 gxf6 34. Qg4+ Qxg4 35. hxg4 f5 36. gxf5 Kg7 37. f6+ Kxf6 38. Bh3 Bb4 39. a6 bxa6 40. bxa6 Bc5 41. Kf1 Ke5 42. Bg2 Kd4 43. Ke2 Kc4 44. Be4 Kd4 45. Kf3 Ke5 46. Bb1 f5 47. Ba2 Ba7 48. Ke2 f4 49. f3 Kd4 50. Kd2 Bc5 51. Bb3 Ba7 52. Ba2 Bc5 53. Ke2 Ba7 54. Kf2 Kc5 55. Kg2 Kb5 56. Kh3 1/2-1/2

[Event "Thessaloniki Triandria op 5th"]
[Site "Thessaloniki"]
[Date "2012.04.19"]
[Round "3"]
[White "Hrisomalis, Theodoros"]
[Black "Katsifarakis, Nikolaos"]
[Result "1-0"]
[WhiteElo "2089"]
[BlackElo "1863"]
[PlyCount "105"]
[EventDate "2012.04.17"]
[EventType "swiss"]
[EventRounds "7"]
[EventCountry "GRE"]
[SourceTitle "EXT 2014"]
[Source "ChessBase"]
[SourceDate "2013.11.20"]
[SourceVersion "1"]
[SourceVersionDate "2013.11.20"]
[SourceQuality "1"]

1. e4 d6 2. d4 Nf6 3. Nc3 c6 4. Be3 Bg4 5. f3 Bh5 6. g4 Bg6 7. g5 Nfd7 8. Qd2 e5 9. d5 Be7 10. 0-0-0 Qa5 11. h4 Bh5 12. Be2 a6 13. f4 Bxe2 14. Qxe2 c5 15. Nf3 f6 16. gxf6 Bxf6 17. f5 Be7 18. Rdg1 Rg8 19. Ng5 Nf6 20. Nxh7 Nbd7 21. Ng5 Nf8 22. Kb1 0-0-0 23. h5 b5 24. Bd2 b4 25. Nd1 Qb6 26. Ne3 a5 27. Rh3 a4 28. Nc4 Qa6 29. Nf7 Rd7 30. h6 Bd8 31. Nxd8 Kxd8 32. Rhg3 Qa7 33. Qg2 Ne8 34. hxg7 Rgxg7 35. Bh6 Rxg3 36. Qxg3 Nh7 37. Qg8 Nhf6 38. Bg5 Kc7 39. Qe6 Qa6 40. Nxe5 Rg7 41. Ng6 b3 42. Bxf6 bxc2+ 43. Kxc2 Qe2+ 44. Kb1 Nxf6 45. Qxf6 Qxe4+ 46. Ka1 Rh7 47. Qc3 Qxf5 48. Qa5+ Kb7 49. Qb5+ Ka8 50. Qxa4+ Ra7 51. Qc6+ Rb7 52. Ne7 Qd3 53. Rg8+ 1-0

[Event "Thessaloniki Triandria op 5th"]
[Site "Thessaloniki"]
[Date "2012.04.18"]
[Round "2"]
[White "Mastrakoulis, Dimitrios"]
[Black "Hrisomalis, Theodoros"]
[Result "0-1"]
[WhiteElo "1740"]
[BlackElo "2089"]
[PlyCount "34"]
[EventDate "2012.04.17"]
[EventType "swiss"]
[EventRounds "7"]
[EventCountry "GRE"]
[SourceTitle "EXT 2014"]
[Source "ChessBase"]
[SourceDate "2013.11.20"]
[SourceVersion "1"]
[SourceVersionDate "2013.11.20"]
[SourceQuality "1"]

1. d4 Nf6 2. c4 e6 3. Nc3 d5 4. Bg5 Be7 5. Nf3 Nbd7 6. e3 c6 7. Rc1 0-0 8. Bd3 dxc4 9. Bxc4 c5 10. 0-0 b6 11. dxc5 Nxc5 12. Nd4 Rb8 13. b4 Nce4 14. Bxf6 Bxf6 15. Qg4 Nd2 16. Nce2 Nxf1 17. Kxf1 Qd6 0-1

[Event "GRE-ch U18/20"]
[Site "Peristeri"]
[Date "2011.01.09"]
[Round "9"]
[White "Hrisomalis, Theodoros"]
[Black "Megalios, Konstantinos"]
[Result "1/2-1/2"]
[WhiteElo "2079"]
[BlackElo "1933"]
[PlyCount "55"]
[EventDate "2011.01.03"]
[EventType "swiss"]
[EventRounds "9"]
[EventCountry "GRE"]
[SourceTitle "CBM 140 Extra"]
[Source "ChessBase"]
[SourceDate "2011.03.01"]
[SourceVersion "1"]
[SourceVersionDate "2011.03.01"]
[SourceQuality "1"]

1. e4 c6 2. d4 d5 3. exd5 cxd5 4. Bd3 Nc6 5. c3 Qc7 6. Ne2 Bg4 7. f3 Bh5 8. Bf4 Qb6 9. Na3 Nf6 10. Qb3 Qxb3 11. axb3 e6 12. b4 a6 13. Kf2 Kd7 14. b5 axb5 15. Nxb5 Be7 16. g4 Bg6 17. Bxg6 hxg6 18. b4 Rhc8 19. Rhb1 Ne8 20. Nc1 Bd6 21. Nxd6 Nxd6 22. Nd3 b6 23. Rxa8 Rxa8 24. b5 Na5 25. Ne5+ Ke7 26. Nc6+ Kd7 27. Bxd6 Kxd6 28. Ra1 1/2-1/2

[Event "GRE-ch U18/20"]
[Site "Peristeri"]
[Date "2011.01.03"]
[Round "1"]
[White "Hrisomalis, Theodoros"]
[Black "Sakaridis, Emmanouil"]
[Result "1-0"]
[WhiteElo "2079"]
[BlackElo "1787"]
[PlyCount "101"]
[EventDate "2011.01.03"]
[EventType "swiss"]
[EventRounds "9"]
[EventCountry "GRE"]
[SourceTitle "CBM 140 Extra"]
[Source "ChessBase"]
[SourceDate "2011.03.01"]
[SourceVersion "1"]
[SourceVersionDate "2011.03.01"]
[SourceQuality "1"]

1. e4 e6 2. d4 d5 3. e5 c5 4. c3 Qb6 5. Nf3 Nc6 6. Be2 Nh6 7. Bd3 cxd4 8. cxd4 Nf5 9. Bxf5 exf5 10. Nc3 Be6 11. 0-0 Be7 12. Na4 Qb5 13. Be3 0-0 14. a3 Na5 15. Nd2 Rac8 16. b4 Nc4 17. Nxc4 Rxc4 18. Nb2 Rc3 19. Bd2 Rc7 20. Qb3 Rfc8 21. Rac1 Rxc1 22. Rxc1 Rxc1+ 23. Bxc1 a5 24. Bd2 f6 25. f4 fxe5 26. fxe5 axb4 27. axb4 Qe2 28. Qc3 Bh4 29. g3 Bd8 30. Nd3 g5 31. Nc5 f4 32. gxf4 Bg4 33. Qe3 Qd1+ 34. Qe1 Qf3 35. Qf1 Qxf1+ 36. Kxf1 b6 37. Nb7 Be7 38. fxg5 Kf7 39. Kf2 Kg6 40. h4 Kf5 41. Kg3 Bh5 42. Nd6+ Bxd6 43. exd6 Ke6 44. Bf4 Be2 45. Be5 Bd1 46. Kf4 Bc2 47. h5 Bb1 48. g6 hxg6 49. h6 g5+ 50. Kxg5 Bd3 51. b5 1-0